| 000 | 00853nam a22002057a 4500 | ||
|---|---|---|---|
| 008 | 110905t xxu||||g |||| 000 0 ara d | ||
| 082 |
_222 _a956.04 _bد و ب |
||
| 100 |
_926985 _aدوبوى،تريفور ن |
||
| 245 |
_aالنصر المحير: _bالحروب العربية-الإسرائيلية1974-1947/ _cتريفور ن دوبوى |
||
| 260 |
_a[القاهرة]: _bالهيئة العامة للإستعلامات،[د.ت] _c[د.ت ]. |
||
| 300 |
_a686ص، _c24سم. |
||
| 650 |
_926997 _aالحروب العربية الإسرائيلية _zمصر |
||
| 650 |
_914953 _aحرب أكتوبر 1973م |
||
| 650 |
_914956 _aحرب فلسطين 1948م |
||
| 653 |
_bGeneral _cSeptember2011 |
||
| 942 |
_2ddc _cBB _hRDA-MOD |
||
| 999 |
_c15949 _d15949 |
||
| 336 |
_2rdacontent _aنص _btxt |
||
| 337 |
_aبدون وسيط _2rdamedia _bn |
||
| 338 |
_aمجلد _bnc _2rdacarrier |
||